[Event "EU-Cup (Women) 28th"]
[Site "Vrnjacka Banja"]
[Date "2024.10.23"]
[Round "4.2"]
[White "Sereda, Yaroslava"]
[Black "Krasteva, Beloslava"]
[Result "1/2-1/2"]
[WhiteElo "1960"]
[BlackElo "2274"]
[PlyCount "127"]
[EventDate "2024.10.20"]
[EventType "team-swiss"]
[EventRounds "7"]
[EventCountry "SRB"]
[SourceTitle "CB44_2024"]
[Source "Chessbase"]
[SourceDate "2024.10.30"]
[SourceVersion "1"]
[SourceVersionDate "2024.10.30"]
[SourceQuality "1"]
[WhiteTeam "Solingen (W) II"]
[BlackTeam "MSK Centar (W)"]
[WhiteTeamCountry "GER"]
[BlackTeamCountry "MKD"]

1. e4 e5 2. Nf3 Nc6 3. Bb5 a6 4. Ba4 b5 5. Bb3 Na5 6. 0-0 d6 7. d4 Nxb3 8. axb3 f6 9. Nc3 Bb7 10. b4 Ne7 11. Qe2 Qc8 12. Be3 Ng6 13. Rfd1 Be7 14. dxe5 fxe5 15. Ng5 0-0 16. Qh5 Bxg5 17. Bxg5 Nf4 18. Bxf4 Rxf4 19. Qe2 Qe6 20. Nd5 Rf7 21. Ra3 Raf8 22. f3 c6 23. Ne3 d5 24. Nf5 Rc7 25. Ng3 Qd6 26. c3 Rd8 27. exd5 cxd5 28. Ne4 Qb6+ 29. Nc5 Re8 30. Qf2 e4 31. Nxa6 Qxf2+ 32. Kxf2 Rf7 33. Nc5 exf3 34. gxf3 Bc8 35. Rxd5 Ref8 36. Rd3 Bf5 37. Re3 Bg4 38. Ne4 Rxf3+ 39. Rxf3 Rxf3+ 40. Kg2 Rd3 41. Ra8+ Kf7 42. Ra7+ Kg6 43. Ra6+ Kf5 44. Ng3+ Kf4 45. Ra7 Bf3+ 46. Kg1 Rd1+ 47. Nf1 Bd5 48. Rd7 Ke5 49. Kf2 Rb1 50. Rxg7 Rxb2+ 51. Ke3 Rc2 52. Rxh7 Rxc3+ 53. Kd2 Rb3 54. Rh5+ Ke6 55. Ne3 Be4 56. Rxb5 Rb2+ 57. Kc3 Rxh2 58. Kd4 Bf3 59. Rb6+ Kd7 60. Nc4 Rh4+ 61. Kc5 Rh5+ 62. Kd4 Rh4+ 63. Kc5 Rh5+ 64. Kd4 1/2-1/2

[Event "EU-ch U18 Girls"]
[Site "Prague"]
[Date "2024.08.24"]
[Round "3"]
[White "Hernandez Tellez, Claudia"]
[Black "Sereda, Yaroslava"]
[Result "1-0"]
[WhiteElo "2025"]
[BlackElo "1972"]
[PlyCount "79"]
[EventDate "2024.08.22"]
[EventType "swiss"]
[EventRounds "9"]
[EventCountry "CZE"]
[SourceTitle "CBM 221 Extra"]
[Source "ChessBase"]
[SourceDate "2024.09.30"]
[SourceVersion "1"]
[SourceVersionDate "2024.09.30"]
[SourceQuality "1"]

1. d4 d5 2. c4 e6 3. Nc3 Nf6 4. Nf3 a6 5. cxd5 exd5 6. Qb3 h6 7. e4 Nxe4 8. Qxd5 Qxd5 9. Nxd5 Bd6 10. Bd3 Bf5 11. 0-0 Kd8 12. Re1 Ng3 13. Bc4 Ne4 14. Bd3 Ng3 15. Bc4 Ne4 16. Bf4 Bxf4 17. Nxf4 Nd6 18. Bb3 Rf8 19. Re3 Nc6 20. Rc1 Rc8 21. a3 g5 22. Ne2 f6 23. Bd5 Ne7 24. Ba2 Be4 25. Nd2 Bg6 26. Nc4 Nef5 27. Nxd6 Nxd6 28. Be6 Rb8 29. d5 Re8 30. Nd4 Re7 31. Rb3 Be8 32. Rf3 Ne4 33. Re1 Bg6 34. Rb3 Ra8 35. Rxb7 Ke8 36. Rc1 Bf7 37. Nf5 Nd6 38. Nxd6+ cxd6 39. Rxe7+ Kxe7 40. Rc7+ 1-0

[Event "GER-ch U18 Girls"]
[Site "Willingen"]
[Date "2024.05.25"]
[Round "9"]
[White "Von Beckh, Frieda"]
[Black "Sereda, Yaroslava"]
[Result "0-1"]
[WhiteElo "1762"]
[BlackElo "1924"]
[PlyCount "82"]
[EventDate "2024.05.19"]
[EventType "swiss"]
[EventRounds "9"]
[EventCountry "GER"]
[SourceTitle "CBM 220 Extra"]
[Source "ChessBase"]
[SourceDate "2024.07.31"]
[SourceVersion "1"]
[SourceVersionDate "2024.07.31"]
[SourceQuality "1"]

1. e4 c5 2. Nf3 Nc6 3. d4 cxd4 4. Nxd4 e5 5. Nb5 d6 6. c4 Be6 7. Bd3 g6 8. 0-0 a6 9. N5c3 Bg7 10. Nd5 Nf6 11. Nbc3 0-0 12. Bg5 h6 13. Nxf6+ Bxf6 14. Bxh6 Re8 15. Nd5 Bg7 16. Qd2 Bxd5 17. cxd5 Bxh6 18. Qxh6 Nb4 19. Be2 Qb6 20. Kh1 Qd4 21. f4 exf4 22. Qxf4 Qg7 23. Rac1 Nxd5 24. Qf3 Ne7 25. Rc7 Rac8 26. Rxb7 d5 27. exd5 Nf5 28. Bxa6 Ra8 29. Qd3 Qh6 30. Kg1 Qg5 31. g3 Re3 32. Rxf5 gxf5 33. Qf1 Rae8 34. Kg2 f4 35. Qxf4 Qxd5+ 36. Kh3 R3e4 37. Qh6 Qf5+ 38. Kg2 Re2+ 39. Bxe2 Rxe2+ 40. Kg1 Qf2+ 41. Kh1 Qg2# 0-1

[Event "GER-ch U18 Girls"]
[Site "Willingen"]
[Date "2024.05.24"]
[Round "8"]
[White "Sereda, Yaroslava"]
[Black "Hubert, Charlotte"]
[Result "1-0"]
[WhiteElo "1924"]
[BlackElo "1893"]
[PlyCount "67"]
[EventDate "2024.05.19"]
[EventType "swiss"]
[EventRounds "9"]
[EventCountry "GER"]
[SourceTitle "CBM 220 Extra"]
[Source "ChessBase"]
[SourceDate "2024.07.31"]
[SourceVersion "1"]
[SourceVersionDate "2024.07.31"]
[SourceQuality "1"]

1. e4 c5 2. Nf3 d6 3. Bb5+ Nd7 4. d4 cxd4 5. Nxd4 Ngf6 6. 0-0 e6 7. c4 Be7 8. Nc3 a6 9. Ba4 0-0 10. Qe2 Qc7 11. Bd2 Ne5 12. b3 d5 13. exd5 Bc5 14. Nf3 Nxf3+ 15. Qxf3 Bd6 16. h3 exd5 17. Nxd5 Nxd5 18. Qxd5 Rd8 19. Qg5 h6 20. Qe3 Bf5 21. Qf3 Bd3 22. Rfc1 Be5 23. Bc3 b5 24. Bxe5 Qxe5 25. Re1 Qg5 26. Rad1 Bg6 27. h4 Qc5 28. cxb5 axb5 29. b4 Qxb4 30. Bb3 Qxh4 31. Qc6 Qg5 32. Rd5 Rxd5 33. Bxd5 Qd8 34. Qxa8 1-0

[Event "GER-ch U18 Girls"]
[Site "Willingen"]
[Date "2024.05.22"]
[Round "5"]
[White "Sereda, Yaroslava"]
[Black "Pohle, Saskia"]
[Result "1-0"]
[WhiteElo "1924"]
[BlackElo "1900"]
[PlyCount "141"]
[EventDate "2024.05.19"]
[EventType "swiss"]
[EventRounds "9"]
[EventCountry "GER"]
[SourceTitle "CBM 220 Extra"]
[Source "ChessBase"]
[SourceDate "2024.07.31"]
[SourceVersion "1"]
[SourceVersionDate "2024.07.31"]
[SourceQuality "1"]

1. e4 e5 2. Nf3 Nc6 3. Bb5 a6 4. Ba4 Nf6 5. d3 b5 6. Bb3 Be7 7. 0-0 0-0 8. Re1 Bb7 9. Nbd2 d6 10. c3 Na5 11. Bc2 c5 12. Nf1 Qc7 13. Ng3 Rfe8 14. d4 Bf8 15. d5 Nc4 16. h3 g6 17. Nh2 Bg7 18. Qf3 Nb6 19. Bg5 Nbd7 20. Qe3 c4 21. Bh6 Bh8 22. Qg5 Nc5 23. h4 Bc8 24. h5 a5 25. Re3 Qd8 26. Rf3 Ng4 27. Qxd8 Rxd8 28. Nxg4 Bxg4 29. Re3 f6 30. f3 Bd7 31. f4 Bg4 32. Nf1 Bxh5 33. Rg3 exf4 34. Bxf4 Ra7 35. Be3 Rc7 36. Bd4 Re8 37. Bxc5 Rxc5 38. Ne3 g5 39. Nf5 Rd8 40. Nd4 Ra8 41. a3 Be8 42. Rf1 Rc7 43. Ne6 Rf7 44. Bd1 Re7 45. Rxg5+ Bg6 46. Rg3 Kf7 47. Bf3 Ke8 48. Bh5 Kf7 49. Rh3 Bg7 50. Bxg6+ hxg6 51. Rhf3 Bh8 52. Rf4 Rb7 53. Ra1 a4 54. Rh4 Kg8 55. Rh6 g5 56. Kf2 Rh7 57. Rxh7 Kxh7 58. Kf3 Kg6 59. Nd4 Rb8 60. Nf5 Rb6 61. Rh1 Bg7 62. Kg4 Bf8 63. Rh8 Kf7 64. Nd4 Kg7 65. Rh3 Kg6 66. Ne6 Rb8 67. Rh8 Kf7 68. Rxf8+ Rxf8 69. Nxf8 Kxf8 70. Kf5 Kf7 71. g4 1-0

[Event "GER-chT Lands U20"]
[Site "Hannover"]
[Date "2023.10.01"]
[Round "1"]
[White "Sereda, Yaroslava"]
[Black "Wunderlich, Elias"]
[Result "1/2-1/2"]
[WhiteElo "1922"]
[BlackElo "1941"]
[PlyCount "68"]
[EventDate "2023.10.01"]
[EventType "team-swiss"]
[EventRounds "7"]
[EventCountry "GER"]
[SourceTitle "CBM 216 Extra"]
[Source "ChessBase"]
[SourceDate "2023.11.30"]
[SourceVersion "1"]
[SourceVersionDate "2023.11.30"]
[SourceQuality "1"]

1. e4 e6 2. d4 d5 3. Nc3 Bb4 4. exd5 exd5 5. Bd3 Nf6 6. a3 Bxc3+ 7. bxc3 0-0 8. Ne2 Bg4 9. f3 Bh5 10. g4 Bg6 11. h4 h5 12. g5 Ne8 13. Kf2 Nc6 14. a4 Nd6 15. Nf4 Ne7 16. Ba3 Qd7 17. Qd2 Rfe8 18. Bxg6 fxg6 19. Bxd6 Qxd6 20. Nd3 Rf8 21. Rae1 Rf5 22. Qe2 Raf8 23. Rh3 Nc6 24. Qe6+ Qxe6 25. Rxe6 Kf7 26. Re3 Re8 27. Rh1 Rxe3 28. Kxe3 Na5 29. Ne5+ Ke6 30. Nxg6 Nc4+ 31. Ke2 Kf7 32. Nh8+ Kg8 33. Ng6 Kf7 34. Nh8+ Kg8 1/2-1/2

[Event "Bad Pyrmont Pape op-A 2nd"]
[Site "Bad Pyrmont"]
[Date "2023.08.12"]
[Round "4"]
[White "Sereda, Yaroslava"]
[Black "Schott, Guido"]
[Result "1/2-1/2"]
[WhiteElo "1925"]
[BlackElo "2015"]
[PlyCount "44"]
[EventDate "2023.08.10"]
[EventType "swiss"]
[EventRounds "7"]
[EventCountry "GER"]
[SourceTitle "EXT 2024"]
[Source "ChessBase"]
[SourceDate "2023.10.10"]
[SourceVersion "1"]
[SourceVersionDate "2023.10.10"]
[SourceQuality "1"]

1. e4 c5 2. Nf3 g6 3. d4 cxd4 4. Nxd4 Nc6 5. c4 Bg7 6. Be3 Nf6 7. Nc3 d6 8. Be2 0-0 9. 0-0 Nxd4 10. Bxd4 Nd7 11. Bxg7 Kxg7 12. b4 a5 13. Qd4+ f6 14. a3 Ne5 15. Nd5 axb4 16. axb4 Rxa1 17. Rxa1 Nc6 18. Qc3 e6 19. Ne3 b6 20. c5 dxc5 21. bxc5 Qd4 22. Rc1 Qxc3 1/2-1/2

[Event "GER-ch U16 Girls"]
[Site "Willingen"]
[Date "2023.05.28"]
[Round "2"]
[White "Sereda, Yaroslava"]
[Black "Malmstroem, Eva"]
[Result "1-0"]
[WhiteElo "1890"]
[BlackElo "1454"]
[PlyCount "135"]
[EventDate "2023.05.27"]
[EventType "swiss"]
[EventRounds "9"]
[EventCountry "GER"]
[SourceTitle "CBM 214 Extra"]
[Source "ChessBase"]
[SourceDate "2023.07.31"]
[SourceVersion "1"]
[SourceVersionDate "2023.07.31"]
[SourceQuality "1"]

1. e4 e5 2. Nf3 Nc6 3. Bb5 a6 4. Ba4 Nf6 5. d3 b5 6. Bb3 Be7 7. 0-0 d6 8. c3 Bb7 9. Qe2 Na7 10. Bc2 c5 11. d4 exd4 12. cxd4 0-0 13. Rd1 Qc7 14. dxc5 dxc5 15. e5 Nd5 16. Rxd5 Bxd5 17. Qd3 g6 18. Qxd5 Rad8 19. Qe4 Nc6 20. Bf4 Nd4 21. Nc3 Nxc2 22. Qxc2 Qc6 23. Ne4 c4 24. Nf6+ Kg7 25. Qc1 Bxf6 26. Bh6+ Kg8 27. Bxf8 Kxf8 28. exf6 Qxf6 29. Qg5 Qd6 30. h3 Kg7 31. Re1 f6 32. Qe3 Rd7 33. Qe6 Kf8 34. Qxd6+ Rxd6 35. Kf1 a5 36. Rc1 Ke7 37. b3 cxb3 38. axb3 Rd3 39. Ra1 Rxb3 40. Rxa5 Rb1+ 41. Ke2 h5 42. Ra6 Rb2+ 43. Nd2 g5 44. Kd3 Rb4 45. Rb6 Rf4 46. f3 Rb4 47. Kc3 Ra4 48. Rxb5 Ra3+ 49. Kd4 Ra2 50. Ke3 h4 51. Rd5 Ke6 52. Rd4 f5 53. f4 g4 54. hxg4 fxg4 55. Ke4 h3 56. gxh3 gxh3 57. f5+ Ke7 58. Nf3 h2 59. Rd1 Ra4+ 60. Ke5 Ra5+ 61. Kf4 Ra4+ 62. Kg5 Ra2 63. Rh1 Rg2+ 64. Kf4 Kf6 65. Rxh2 Rg7 66. Rh6+ Kf7 67. Ne5+ Ke7 68. f6+ 1-0

[Event "GER-chT U20 Girls"]
[Site "Muenster"]
[Date "2022.12.28"]
[Round "4"]
[White "Kessen, Fanny"]
[Black "Sereda, Yaroslava"]
[Result "0-1"]
[WhiteElo "1369"]
[BlackElo "1885"]
[PlyCount "94"]
[EventDate "2022.12.26"]
[EventType "team-swiss"]
[EventRounds "7"]
[EventCountry "GER"]
[SourceTitle "CBM 212 Extra"]
[Source "ChessBase"]
[SourceDate "2023.03.31"]
[SourceVersion "1"]
[SourceVersionDate "2023.03.31"]
[SourceQuality "1"]
[WhiteTeam "Lichtenberg Borussia"]
[BlackTeam "Solingen"]
[WhiteTeamCountry "GER"]
[BlackTeamCountry "GER"]

1. e4 c5 2. Nc3 Nc6 3. d3 g6 4. g3 Bg7 5. Bg2 e6 6. Nge2 Nge7 7. 0-0 d6 8. Be3 Nd4 9. Qd2 0-0 10. Nd1 Rb8 11. c3 Nxe2+ 12. Qxe2 e5 13. Qd2 Nc6 14. Bh6 Be6 15. Bxg7 Kxg7 16. Ne3 b5 17. Rfd1 b4 18. c4 Nd4 19. Rf1 h5 20. Nc2 Nc6 21. b3 h4 22. Bf3 Rh8 23. Qe2 Qg5 24. Qe3 Qf6 25. Qe2 Rh7 26. g4 h3 27. Bh1 Rh4 28. f3 Bd7 29. Rf2 Nd8 30. Ne3 Ne6 31. Nd5 Qd8 32. Qd2 Nd4 33. Ne3 a5 34. Nc2 Ne6 35. Ne3 Ra8 36. Rff1 a4 37. Nc2 Nf4 38. Ne3 Bc6 39. Qc2 Qg5 40. Nd5 Ne6 41. Qc1 Qxc1 42. Rfxc1 Bxd5 43. exd5 Nd4 44. Kf2 axb3 45. axb3 Rhh8 46. Ke3 Rxa1 47. Rxa1 Nc2+ 0-1

[Event "GER-chT U20 Girls"]
[Site "Muenster"]
[Date "2022.12.28"]
[Round "3"]
[White "Sereda, Yaroslava"]
[Black "Peglau, Mirjam"]
[Result "0-1"]
[WhiteElo "1885"]
[BlackElo "1875"]
[PlyCount "158"]
[EventDate "2022.12.26"]
[EventType "team-swiss"]
[EventRounds "7"]
[EventCountry "GER"]
[SourceTitle "CBM 212 Extra"]
[Source "ChessBase"]
[SourceDate "2023.03.31"]
[SourceVersion "1"]
[SourceVersionDate "2023.03.31"]
[SourceQuality "1"]
[WhiteTeam "Solingen"]
[BlackTeam "Seeblick"]
[WhiteTeamCountry "GER"]
[BlackTeamCountry "GER"]

1. e4 e6 2. d4 d5 3. Nd2 c5 4. Ngf3 cxd4 5. Nxd4 Nc6 6. N2b3 dxe4 7. Bb5 Bd7 8. Qe2 Nxd4 9. Nxd4 Nf6 10. 0-0 Bxb5 11. Nxb5 Bc5 12. Bg5 0-0 13. Rad1 Qb6 14. Nc3 Bd4 15. Nxe4 Nxe4 16. Qxe4 Bxb2 17. Rb1 Qd4 18. Qxb7 Rab8 19. Qf3 Qa4 20. Qg3 Qa3 21. Be3 g6 22. h4 Rbc8 23. Rfd1 Qxa2 24. Qf4 Bg7 25. h5 Qxc2 26. h6 Bh8 27. Bd4 Qf5 28. Qe3 Bf6 29. Bxa7 Bg5 30. Qe2 Bxh6 31. Rb5 Qc2 32. Qf3 Qxd1+ 33. Qxd1 Rc1 34. Qxc1 Bxc1 35. Bd4 Bf4 36. g3 Bh6 37. Kg2 Bg7 38. Bc5 Rc8 39. Kf3 Bf6 40. Bd6 Kg7 41. g4 h6 42. Kg3 g5 43. Kf3 Kg6 44. Kg3 Bd4 45. Be5 Bxe5+ 46. Rxe5 Rc3+ 47. Kg2 Rc4 48. Kg3 Rc3+ 49. Kg2 Rd3 50. Ra5 f5 51. Ra6 Kf6 52. gxf5 Kxf5 53. Ra8 Kg4 54. Ra4+ Kf5 55. Ra8 h5 56. Rf8+ Kg4 57. Re8 Rd6 58. Rf8 Rd2 59. Rf3 h4 60. Re3 Kf5 61. Rf3+ Ke5 62. Re3+ Kd5 63. Ra3 g4 64. Ra4 Rd4 65. Ra5+ Kc4 66. Re5 Kd3 67. Rxe6 Re4 68. Rh6 h3+ 69. Kg3 Ke2 70. Rh7 Rd4 71. Re7+ Kf1 72. Rh7 Kg1 73. f3 gxf3 74. Kxf3 Rd3+ 75. Ke2 Rg3 76. Rf7 h2 77. Rf1+ Kg2 78. Rf2+ Kh3 79. Rf1 Rg1 0-1

[Event "GER-chT U20 Girls"]
[Site "Kiel"]
[Date "2022.07.25"]
[Round "6.1"]
[White "Peglau, Charis"]
[Black "Sereda, Yaroslava"]
[Result "0-1"]
[WhiteElo "1870"]
[BlackElo "1781"]
[PlyCount "120"]
[EventDate "2022.07.22"]
[EventType "team-swiss"]
[EventRounds "7"]
[EventCountry "GER"]
[SourceTitle "CBM 209 Extra"]
[Source "ChessBase"]
[SourceDate "2022.09.30"]
[SourceVersion "1"]
[SourceVersionDate "2022.09.30"]
[SourceQuality "1"]
[WhiteTeam "Seeblick"]
[BlackTeam "Solingen SG"]
[WhiteTeamCountry "GER"]
[BlackTeamCountry "GER"]

1. d4 d5 2. c4 e6 3. e3 Nf6 4. Nf3 c5 5. Nc3 cxd4 6. exd4 Nc6 7. Bg5 Be7 8. a3 0-0 9. c5 Ne4 10. Bxe7 Qxe7 11. Bd3 Nxc3 12. bxc3 e5 13. Be2 e4 14. Nd2 Qg5 15. g3 Bh3 16. Bf1 Qh6 17. Bxh3 Qxh3 18. Qe2 Rae8 19. Nb3 f5 20. 0-0-0 f4 21. c4 Qe6 22. Rhe1 dxc4 23. d5 Qh6 24. Kb1 cxb3 25. dxc6 Qxc6 26. Qc4+ Kh8 27. Rd6 Qc8 28. Kb2 fxg3 29. fxg3 Rf2+ 30. Kxb3 Qf5 31. Ka4 a6 32. Rb6 Qd7+ 33. c6 bxc6 34. Qxc6 Qxc6+ 35. Rxc6 h6 36. Rxa6 e3 37. Kb3 Rxh2 38. Kc3 Rg2 39. Rg6 Kh7 40. Rg4 h5 41. Rh4 Kg6 42. Rh3 Kg5 43. a4 e2 44. Kd2 g6 45. Rhh1 Rxg3 46. a5 Ra3 47. Ra1 Rxa1 48. Rxa1 Kf4 49. a6 Kf3 50. Ke1 h4 51. a7 Ra8 52. Ra2 g5 53. Ra3+ Kg2 54. Kxe2 h3 55. Ra2 g4 56. Ke1+ Kg1 57. Ra3 Re8+ 58. Kd2 h2 59. a8Q Rxa8 60. Rxa8 h1Q 0-1